Animalario del Perú : (Record no. 22592)

000 -CABECERA
fixed length control field 00796nam a22002177a 4500
003 - IDENTIFICADOR DEL NÚMERO DE CONTROL
control field AR-CdUCM
008 - DATOS DE LONGITUD FIJA--INFORMACIÓN GENERAL
fixed length control field 190425b ||||| |||| 00| 0 spa d
020 ## - NÚMERO INTERNACIONAL ESTÁNDAR DEL LIBRO
ISBN 9786124347535
040 ## - FUENTE DE LA CATALOGACIÓN
Agencia/entidad que catalogó originalmente la obra MUNICIPALIDAD PROVINCIAL DEL CUSCO
Entidad que transcribió la catalogación BIBLIOTECA MUNICIPAL DEL CUSCO
082 ## - NÚMERO DE LA CLASIFICACIÓN DECIMAL DEWEY
No. de Clasificación PI/869.56/T33A
Notacion interna T33A
100 ## - ENTRADA PRINCIPAL--NOMBRE DE PERSONA
Nombre Personal Tejo Gómez, Heriberto
245 ## - MENCIÓN DE TÍTULO
Título Animalario del Perú :
Resto del título de la A a la Z en versos de un poeta /
Mención de responsabilidad Heriberto Tejo ; ilustraciones de Fátima Ordinola
260 ## - PUBLICACIÓN, DISTRIBUCIÓN, ETC.
Lugar de publicación, distribución, etc. Lima :
Nombre de la editorial, distribuidor, etc. Panamericana Editorial,
Fecha de publicación, distribución, etc. 2020.
300 ## - DESCRIPCIÓN FÍSICA
Nº de Páginas Extensión 31 páginas. :
Otros detalles físicos ilustraciones en color ;
Dimensiones 22 x 27 cm.
650 ## - PUNTO DE ACCESO ADICIONAL DE MATERIA--TÉRMINO DE MATERIA
Descriptor Poesías infantiles peruanas
9 (RLIN) 5425
650 ## - PUNTO DE ACCESO ADICIONAL DE MATERIA--TÉRMINO DE MATERIA
Descriptor Animales
9 (RLIN) 48594
650 ## - PUNTO DE ACCESO ADICIONAL DE MATERIA--TÉRMINO DE MATERIA
Descriptor Poesías
9 (RLIN) 48595
700 ## - PUNTO DE ACCESO ADICIONAL--NOMBRE DE PERSONA
Nombre Personal Ordinola, Fátima
Término de relación ilustrador
9 (RLIN) 48596
942 ## - ELEMENTOS DE PUNTO DE ACCESO ADICIONAL (KOHA)
Fuente de clasificación
Tipo de item Libros-BMC
945 ## - PROCESAMIENTO DE INFORMACIÓN LOCAL (OCLC)
Catalogador rac
Holdings
Estado de retiro (separado) Fuente de clasificación o esquema de estanterías Estado dañado Ubicación Sala donde se ubica Nombre de la colección Fecha de adquisición o compra Fuente de adquisición Costo, precio normal en soles Signatura topográfica Código de Barras Última vez visto (Koha) Tipo de ítem (Koha)
No     Sala de Infantes Sala de Infantes Book Cart 2022-10-12 Donación 42.00 PI/869.56/T33A SI00004869 2022-10-12 Libros-BMC
No     Sala de Infantes Sala de Infantes Book Cart 2022-10-12 Donación 42.00 PI/869.56/T33A/e.2 SI00004870 2022-10-12 Libros-BMC

Powered by Koha